LEADER 00845nam0-22003251i-450- 001 990000701650403321 005 20160401095424.0 035 $a000070165 035 $aFED01000070165 035 $a(Aleph)000070165FED01 035 $a000070165 100 $a20020821d1980----km-y0itay50------ba 101 0 $aeng 102 $aGB 105 $aa---c---001yy 200 1 $aDesign in black work$fMichael Gage, Tom Kirkbride 210 $aLondon$cThe Architectural Press$d1980 215 $a131 p.$cill.$d30 cm 610 0 $aPareti 610 0 $aDesign 610 0 $aMateriali da costruzione 676 $a620.14 700 1$aGage,$bMichael$024207 702 1$aKirkbride,$bTom 801 0$aIT$bUNINA$gRICA$2UNIMARC 901 $aBK 912 $a990000701650403321 952 $aTECN C 185$b12583$fFARBC 959 $aFARBC 997 $aUNINA LEADER 01505oam 2200493zu 450 001 996211234703316 005 20210807004635.0 010 $a1-118-66697-6 035 $a(CKB)3450000000004493 035 $a(SSID)ssj0000726570 035 $a(PQKBManifestationID)11464761 035 $a(PQKBTitleCode)TC0000726570 035 $a(PQKBWorkID)10684759 035 $a(PQKB)11122742 035 $a(PPN)189038217 035 $a(EXLCZ)993450000000004493 100 $a20160829d1989 uy 101 0 $aeng 181 $ctxt 182 $cc 183 $acr 200 00$aCarbonate sedimentology and petrology 210 31$a[Place of publication not identified]$cAmerican Geophysical Union$d1989 225 0 $aShort course in geology Carbonate sedimentology and petrology 300 $aBibliographic Level Mode of Issuance: Monograph 311 $a0-87590-700-8 606 $aCarbonate rocks 606 $aGeology$2HILCC 606 $aEarth & Environmental Sciences$2HILCC 606 $aPetrology$2HILCC 615 0$aCarbonate rocks 615 7$aGeology 615 7$aEarth & Environmental Sciences 615 7$aPetrology 676 $a552/.58 702 $aScholle$b Peter A 702 $aJames$b Noel P 702 $aRead$b J. F 712 12$aInternational Geological Congress$d(28th :$f1989 :$eWashington, D.C.) 801 0$bPQKB 906 $aBOOK 912 $a996211234703316 996 $aCarbonate sedimentology and petrology$91938596 997 $aUNISA